000 00463nam a22001697a 4500
003 NUST - PNEC
005 20170116181033.0
008 150915b xxu||||| |||| 00| 0 eng d
020 _a0434901555
040 _cLIBRARY
082 _a621.56 BOA
100 _911193
_aBoast, Michael F. G.
245 _aRefrigeration and air conditioning
_cMichael F. G. Boast
260 _cc.1986
650 _910664
_aRefrigeration and air conditioning
_xEE
942 _2ddc
_cBK
999 _c67803
_d67803